International communism (Record no. 420567)

000 -LEADER
fixed length control field 00402cam a22001457a 4500
008 - FIXED-LENGTH DATA ELEMENTS--GENERAL INFORMATION
fixed length control field 180718b1960 xxu||||| |||| 00| 0 eng d
082 ## - DEWEY DECIMAL CLASSIFICATION NUMBER
Classification number B235 Ox2
245 ## - TITLE STATEMENT
Title International communism
Statement of responsibility, etc. edited by David Footman
260 ## - PUBLICATION, DISTRIBUTION, ETC.
Place of publication, distribution, etc. London
Name of publisher, distributor, etc. Chatto & Windus
Date of publication, distribution, etc. 1960
300 ## - PHYSICAL DESCRIPTION
Extent 151p
440 ## - SERIES STATEMENT/ADDED ENTRY--TITLE
Title Stantony's papers; 9
650 ## - SUBJECT ADDED ENTRY--TOPICAL TERM
Topical term or geographic name entry element Communism.
650 ## - SUBJECT ADDED ENTRY--TOPICAL TERM
Topical term or geographic name entry element Hunt, Robert Nigel Carew
700 ## - ADDED ENTRY--PERSONAL NAME
Personal name Footman, David
Holdings
Withdrawn status Lost status Damaged status Not for loan Permanent Location Current Location Date acquired Full call number Barcode Date last seen Price effective from Koha item type
        Indian Institute of Public Administration Indian Institute of Public Administration 2009-07-16 B235 Ox2 27559 2018-07-21 2018-07-21 Book

Powered by Koha